000
00632nam a22001457a 4500
008
110519t xxu||||| |||| 00| 0 eng d
082
_2
22
_a
348.041676
245
_a
The Uganda Law Reports 1952-1956 Vol.7 /
260
_a
Uganda:
_b
Uganda Printer;
_c
1957.
300
_a
v
_c
25cm.
942
_2
ddc
_c
LRT
999
_c
2122
_d
2122